| 000 | 00875nas a2200253Ia 4500 | ||
|---|---|---|---|
| 001 | R703/49205 | ||
| 003 | IT-RoPAU | ||
| 008 | 151124c99999999xx |||||||||||| ||und|| | ||
| 040 | _aIT-RoPAU | ||
| 040 | _cIT-RoPAU | ||
| 041 | _aINGLESE | ||
| 100 |
_aScholte Bob _gCodice Aut. SPICS: 19054 |
||
| 210 | _aSEMIOTICA | ||
| 222 | _aSemiotica | ||
| 245 |
_aSEMIOTICA, VOL.01-N.1 (1969) _bLevi-Strauss' Penelopean Effort: The Analysis Of Myths |
||
| 250 | _a1a ed. | ||
| 260 |
_aLA HAYE _bMOUTON & CO _c1969 |
||
| 501 |
_bPaulus - SPICS - Società San Paolo EM (non-commercial uses only) _cCopyright2015 |
||
| 300 | _a26 p. [99-124] | ||
| 362 | _aVOL.01, N.01 (1969) | ||
| 500 | _aFatiche Prolungate di Levi Strauss Nell'Analisi del Mito. Note Sui Due Volumi Mythologiques di Levi Strauss. Bibliografia. | ||
| 650 |
_aSEMIOTICA _vPUBBLICAZIONE PERIODICA |
||
| 942 | _cCR | ||
| 999 |
_c181732 _d181732 |
||